=LDR 00000nam 2200000 4500 =001 INLIS000000000025310 =005 20130612123829 =008 ***********************************Ind** =035 ##$$0010-061300000025310 =041 ##$$a Ind =082 ##$$a 507 =090 ##$$a 507, Mag k =100 ##$$a Magloff, Lisa =245 ##$$a Kimia sehari-hari, Lisa Magloff =260 ##$$a 2006 $b Jakarta =300 ##$$a 64 hlm, ilus, 29 cm =650 ##$$a Kimia =850 ##$$a NBPNMAT